Suburbs in City of Sydney Council - Statistics

General Stats
  • This quiz has been taken 328 times
  • The average score is 19 of 33
Answer Stats
Suburb % Correct
Sydney
83%
Redfern
77%
Surry Hills
77%
Darlinghurst
73%
Glebe
71%
Newtown
71%
Alexandria
70%
Pyrmont
69%
Ultimo
68%
Camperdown
63%
Zetland
63%
Barangaroo
62%
The Rocks
62%
Chippendale
61%
Potts Point
60%
Woolloomooloo
60%
Paddington
59%
Waterloo
59%
Darlington
58%
Haymarket
58%
Millers Point
53%
Annandale
51%
Erskineville
51%
Moore Park
51%
Beaconsfield
47%
Elizabeth Bay
47%
Rushcutters Bay
47%
Forest Lodge
46%
Eveleigh
44%
Dawes Point
43%
Rosebery
40%
Centennial Park
39%
St Peters
39%
No matching quizzes found
Score Distribution
Percent of People with Each Score
Percentile by Number Answered
Your Score History
You have not taken this quiz